[Event "XXI Festival"]
[Site "Arco ITA"]
[Date "1999.10.24"]
[Round "2"]
[White "Slobodjan, Roman"]
[Black "Borgo, Giulio"]
[Result "1-0"]
[WhiteElo "2550"]
[BlackElo "2444"]
[PlyCount "99"]
[EventDate "1999.10.23"]

1.e4 c5 2.Nc3 e6 3.g3 d5 4.d3 Nf6 5.e5 Nfd7 6.f4 Nc6 7.Nf3 Nd4 8.Bg2 Nb8 
9.O-O Nbc6 10.Ne2 Be7 11.c3 Nxe2+ 12.Qxe2 O-O 13.Be3 a5 14.a4 b6 15.Bf2 
Rb8 16.g4 b5 17.axb5 Rxb5 18.Bg3 Qb6 19.Rf2 Bd7 20.Ne1 Rb8 21.Ra2 a4 22.
Qd2 a3 23.bxa3 Rb1 24.Kf1 c4 25.d4 Na5 26.Qe3 Qb3 27.f5 Bg5 28.Qf3 Qa4 29.
Rae2 Qd1 30.Kg1 Qd3 31.Rf1 Qxf3 32.Nxf3 Be7 33.Be1 Nb3 34.Bh4 Bxh4 35.Rxb1
Be7 36.Ra2 Ra8 37.Nd2 Ra7 38.Kf2 Bg5 39.Nf1 h6 40.Ne3 Kh7 41.Bf3 Bd8 42.
Kg3 Ba5 43.Rc2 Bc7 44.fxe6 fxe6 45.Bd1 Ba5 46.h4 Be8 47.h5 g5 48.Be2 Bd8 
49.Nxc4 dxc4 50.Bxc4 1-0

[Event "XXI Festival"]
[Site "Arco ITA"]
[Date "1999.10.24"]
[Round "2"]
[White "Svensson, Leif"]
[Black "Mordiglia, Riccardo"]
[Result "1-0"]
[WhiteElo "2221"]
[BlackElo "2118"]
[PlyCount "61"]
[EventDate "1999.10.23"]

1.Nc3 g6 2.d4 Bg7 3.e4 d6 4.Be3 Nf6 5.Be2 c6 6.g4 h5 7.gxh5 Nxh5 8.Qd2 Nf6
9.Bf3 Nbd7 10.O-O-O Qa5 11.Kb1 Nb6 12.Nce2 Qxd2 13.Bxd2 Bg4 14.Bg2 O-O-O 
15.f3 Bd7 16.b3 Rh7 17.a4 Rdh8 18.h3 e5 19.dxe5 dxe5 20.Be3 Kc7 21.f4 exf4
22.Bxf4+ Kc8 23.Be3 Ng4 24.Bc5 Kc7 25.Nf3 Nf6 26.Ng5 Rh5 27.Bd6+ Kc8 28.
Nxf7 R8h7 29.Nf4 Rh4 30.Nxg6 Nxe4 31.Ne7# 1-0

[Event "XXI Festival"]
[Site "Arco ITA"]
[Date "1999.10.24"]
[Round "2"]
[White "Timoscenko, Gennadij A."]
[Black "Tatai, Stefano"]
[Result "1/2-1/2"]
[WhiteElo "2536"]
[BlackElo "2357"]
[PlyCount "149"]
[EventDate "1999.10.23"]

1.d4 d5 2.c4 dxc4 3.e3 Nf6 4.Bxc4 e6 5.Nf3 a6 6.Qe2 c5 7.dxc5 Bxc5 8.O-O 
b5 9.Bd3 Nc6 10.Nc3 O-O 11.Ne4 Be7 12.Bd2 Bb7 13.Rac1 Qd5 14.Nxf6+ Bxf6 
15.e4 Qd6 16.Bc3 e5 17.Rfd1 Qe7 18.Bc2 Rfd8 19.Rxd8+ Rxd8 20.Rd1 h6 21.a3 
Bc8 22.h3 Be6 23.Rd2 Rxd2 24.Qxd2 Qc7 25.Bd1 Be7 26.Qe3 a5 27.Be1 b4 28.
axb4 Nxb4 29.Bc3 f6 30.Bxb4 Bxb4 31.Bb3 Bxb3 32.Qxb3+ Kh7 33.g3 Qc1+ 34.
Kg2 Qb1 35.Qd5 Qxb2 36.Qd7 Qb3 37.Nh4 Qc4 38.Kf3 a4 39.Qxa4 Qd3+ 40.Kg2 
Qxe4+ 41.Kh2 Qd4 42.Qc2+ e4 43.Nf5 Qe5 44.Ne3 Bc5 45.Nc4 Qf5 46.Ne3 Bxe3 
47.fxe3 Qf3 48.Qd2 h5 49.h4 Kh6 50.Qd4 Qf2+ 51.Kh3 Qf1+ 52.Kh2 Qd3 53.Qc5 
Qe2+ 54.Kh3 Qf2 55.Qd4 Qf5+ 56.Kh2 Kg6 57.Qa7 Qd5 58.Kh3 Qe6+ 59.Kh2 f5 
60.Qd4 Kf7 61.Qa7+ Kf6 62.Qd4+ Qe5 63.Qd8+ Qe7 64.Qd4+ Kf7 65.Qd5+ Kg6 66.
Qc6+ Kh7 67.Qd5 g6 68.Kg2 Kg7 69.Qd4+ Kf7 70.Qd5+ Qe6 71.Qb7+ Ke8 72.Qc7 
Qd5 73.Qc8+ Ke7 74.Qc7+ Kf6 75.Qb6+ 1/2-1/2

[Event "XXI Festival"]
[Site "Arco ITA"]
[Date "1999.10.25"]
[Round "3"]
[White "Ager, Josef"]
[Black "Dalponte, Dino"]
[Result "0-1"]
[WhiteElo "2330"]
[BlackElo "2163"]
[PlyCount "100"]
[EventDate "1999.10.23"]

1.d4 d5 2.Nf3 Bf5 3.g3 e6 4.Bg2 Bd6 5.O-O Nd7 6.c4 c6 7.Nc3 Ngf6 8.b3 O-O 
9.Bb2 Ne4 10.Nh4 Nxc3 11.Bxc3 Bg4 12.Qd2 f5 13.f3 Bh5 14.e4 g5 15.exf5 
exf5 16.Nxf5 Rxf5 17.g4 Rf4 18.gxh5 Rh4 19.h3 Qf6 20.Rae1 Nf8 21.cxd5 Bf4 
22.Qd3 cxd5 23.Re5 Bxe5 24.dxe5 Qb6+ 25.Kh1 d4 26.Bd2 Rxh5 27.f4 gxf4 28.
Rxf4 Rd8 29.Qf3 Rh6 30.Rf7 Rg6 31.Re7 Rg7 32.Rxg7+ Kxg7 33.Bg5 Kg8 34.Bxd8
Qxd8 35.Qxb7 Qh4 36.Qe4 Qxe4 37.Bxe4 Kf7 38.Bf5 Ng6 39.Bxg6+ hxg6 40.Kg2 
Ke6 41.Kf3 Kxe5 42.a3 g5 43.Ke2 Ke4 44.b4 d3+ 45.Kd2 Kd4 46.b5 Kc5 47.a4 
Kc4 48.a5 Kxb5 49.Kxd3 Kxa5 50.Kc4 Kb6 0-1

[Event "XXI Festival"]
[Site "Arco ITA"]
[Date "1999.10.25"]
[Round "3"]
[White "Arlandi, Ennio"]
[Black "Slobodjan, Roman"]
[Result "0-1"]
[WhiteElo "2465"]
[BlackElo "2550"]
[PlyCount "56"]
[EventDate "1999.10.23"]

1.d4 Nf6 2.c4 d6 3.Nf3 Bf5 4.Nc3 g6 5.Nh4 Bd7 6.g3 Bg7 7.Bg2 Nc6 8.O-O O-O
9.f4 Na5 10.Qd3 c5 11.d5 a6 12.Rb1 b5 13.b3 Rb8 14.Bd2 bxc4 15.bxc4 Rb4 
16.Rxb4 cxb4 17.Ne4 Qc7 18.Rb1 Nxc4 19.Bxb4 Rb8 20.Nxf6+ Bxf6 21.Be1 Rxb1 
22.Qxb1 Ne3 23.Bf2 Nxg2 24.Nxg2 Bb5 25.e4 Qc3 26.Ne1 Bd4 27.Qd1 Qc4 28.Nd3
Bc3 0-1

[Event "XXI Festival"]
[Site "Arco ITA"]
[Date "1999.10.25"]
[Round "3"]
[White "Barbafiera, Luigi"]
[Black "Bellia, Fabrizio"]
[Result "0-1"]
[WhiteElo "1915"]
[BlackElo "2333"]
[PlyCount "56"]
[EventDate "1999.10.23"]

1.c4 Nf6 2.Nc3 g6 3.g3 Bg7 4.Bg2 O-O 5.Nf3 d6 6.O-O e5 7.d3 Nc6 8.Rb1 a5 
9.a3 Re8 10.e4 Nd7 11.b4 axb4 12.axb4 Nf8 13.b5 Nd4 14.Nxd4 exd4 15.Nd5 c6
16.Nf4 Nd7 17.Ne2 cxb5 18.Rxb5 Nc5 19.Rb1 f5 20.f3 Ra2 21.Bb2 fxe4 22.dxe4
d3 23.Nc3 Rxb2 24.Nd5 Rxb1 25.Qxb1 Be6 26.f4 Bxd5 27.cxd5 Nxe4 28.Qxd3 
Qb6+ 0-1

[Event "XXI Festival"]
[Site "Arco ITA"]
[Date "1999.10.25"]
[Round "3"]
[White "Borgo, Giulio"]
[Black "Lantini, Marco"]
[Result "1-0"]
[WhiteElo "2444"]
[BlackElo "2193"]
[PlyCount "60"]
[EventDate "1999.10.23"]

1.Nf3 Nf6 2.c4 e6 3.g3 a6 4.Bg2 b5 5.b3 c5 6.O-O Bb7 7.Bb2 Be7 8.d3 O-O 9.
e4 bxc4 10.e5 c3 11.Nxc3 Nd5 12.Ne4 Qb6 13.Nfd2 Nc6 14.Nc4 Qa7 15.Rc1 f6 
16.exf6 Nxf6 17.Ncd6 Rab8 18.Nxb7 Rxb7 19.Nxf6+ Bxf6 20.Bxf6 Rxf6 21.Bxc6 
dxc6 22.Qh5 Rbf7 23.Qxc5 Qd7 24.Rc3 Rf3 25.Qxc6 Qd4 26.Qc8+ Rf8 27.Qxe6+ 
Kh8 28.Qc4 Qf6 29.Rc2 Qf5 30.Qe4 Qg5 1-0

[Event "XXI Festival"]
[Site "Arco ITA"]
[Date "1999.10.25"]
[Round "3"]
[White "Carli, Carlo"]
[Black "Lieb, Harald"]
[Result "0-1"]
[WhiteElo "2074"]
[BlackElo "2254"]
[PlyCount "90"]
[EventDate "1999.10.23"]

1.e4 e6 2.d4 d5 3.Nc3 Bb4 4.e5 c5 5.Bd2 Ne7 6.Nb5 Bxd2+ 7.Qxd2 O-O 8.c3 
cxd4 9.cxd4 Nbc6 10.f4 Nf5 11.Nf3 a6 12.Nc3 Qb6 13.Rd1 f6 14.Na4 Qa7 15.b4
fxe5 16.fxe5 b6 17.a3 Bd7 18.Nb2 Be8 19.Rc1 Rc8 20.Bd3 Bh5 21.Bxf5 Rxf5 
22.O-O Bxf3 23.Rxf3 Rxf3 24.gxf3 Qb7 25.Nd1 Ne7 26.Ne3 Rf8 27.Kf2 Ng6 28.
Ng2 Qf7 29.f4 Qf5 30.Kg3 Ne7 31.Nh4 Qf7 32.Rc3 Nf5+ 33.Nxf5 Qg6+ 34.Kf2 
Qxf5 35.Kg3 Qg6+ 36.Kf2 Qg4 37.Rg3 Rxf4+ 38.Kg2 Qf5 39.Qe3 Qc2+ 40.Kh3 Rf2
41.Qd3 Rxh2+ 42.Kg4 Qf2 43.a4 b5 44.axb5 axb5 45.Kg5 Rh6 0-1

[Event "XXI Festival"]
[Site "Arco ITA"]
[Date "1999.10.25"]
[Round "3"]
[White "Gorbatov, Alexej"]
[Black "Hocevar, Nikola"]
[Result "1-0"]
[WhiteElo "2353"]
[BlackElo "2174"]
[PlyCount "99"]
[EventDate "1999.10.23"]

1.d4 d5 2.Bg5 Nf6 3.Nd2 h6 4.Bh4 c6 5.e3 Nbd7 6.f4 e6 7.Bd3 Be7 8.Ngf3 Ng8
9.Bxe7 Qxe7 10.O-O f5 11.c4 g6 12.cxd5 exd5 13.Ne5 Nxe5 14.fxe5 h5 15.Rb1 
a5 16.a3 Nh6 17.b4 axb4 18.axb4 O-O 19.Qb3 Be6 20.Qc3 Ng4 21.Rf3 Ra2 22.h3
Nh6 23.Bf1 Qg5 24.b5 Bd7 25.bxc6 Bxc6 26.Rf2 Qe7 27.Ra1 Rxa1 28.Qxa1 Qb4 
29.Bd3 Kg7 30.Nf1 Qb3 31.Bc2 Qb4 32.Ng3 Rc8 33.Kh2 Bd7 34.Qa2 Be6 35.Bb3 
Qb5 36.Ne2 g5 37.Ng3 h4 38.Nh5+ Kg6 39.Nf6 Rc3 40.Bxd5 g4 41.hxg4 Nxg4+ 
42.Nxg4 Qxd5 43.Qxd5 Bxd5 44.Nf6 Bc4 45.e4 fxe4 46.Nxe4 Rd3 47.Rf6+ Kg7 
48.Nd6 b5 49.Nf5+ Kg8 50.e6 1-0

[Event "XXI Festival"]
[Site "Arco ITA"]
[Date "1999.10.25"]
[Round "3"]
[White "Haag, Martin"]
[Black "Blasco, Domenico"]
[Result "1/2-1/2"]
[WhiteElo "2292"]
[BlackElo "2111"]
[PlyCount "80"]
[EventDate "1999.10.23"]

1.c4 c5 2.Nf3 Nf6 3.g3 b6 4.Bg2 Bb7 5.O-O e6 6.Nc3 Be7 7.Re1 O-O 8.e4 d6 
9.d4 cxd4 10.Nxd4 Qc8 11.Be3 Rd8 12.Rc1 Nc6 13.Nd5 Qd7 14.Nxe7+ Nxe7 15.
Bg5 h6 16.Bxf6 gxf6 17.Qh5 Kg7 18.f4 Qc7 19.b4 a5 20.a3 axb4 21.axb4 Ra4 
22.Bh3 Rxb4 23.Bxe6 Rf8 24.Nb5 Qc5+ 25.Qxc5 dxc5 26.Bd5 Nxd5 27.exd5 Bxd5 
28.Nd6 Bc6 29.Rb1 Rd8 30.Nf5+ Kh7 31.Ne7 Bf3 32.Kf2 Bg4 33.Nd5 Rxb1 34.
Rxb1 Be6 35.Rxb6 Bxd5 36.cxd5 Rxd5 37.Rxf6 Kg7 38.Rc6 Rd2+ 39.Kf3 Rxh2 40.
Rxc5 Ra2 1/2-1/2

[Event "XXI Festival"]
[Site "Arco ITA"]
[Date "1999.10.25"]
[Round "3"]
[White "Haldemann, Paul"]
[Black "Ragonese, Lucio Rosario"]
[Result "1-0"]
[WhiteElo "2235"]
[BlackElo "2010"]
[PlyCount "109"]
[EventDate "1999.10.23"]

1.d4 f5 2.Nf3 Nf6 3.g3 g6 4.Bg2 Bg7 5.O-O O-O 6.b3 c6 7.Bb2 d6 8.Nbd2 Na6 
9.Re1 Rb8 10.c4 e5 11.dxe5 Ng4 12.Qc2 Nb4 13.Qc1 Nxe5 14.a3 Na6 15.Bd4 
Nxf3+ 16.Nxf3 Bxd4 17.Nxd4 Qf6 18.Qd2 Nc5 19.Rad1 Rd8 20.Qa5 Be6 21.Qxa7 
f4 22.b4 Ra8 23.Qb6 Ra6 24.Qc7 Rd7 25.Qb8+ Rd8 26.Qc7 Rd7 27.Nxe6 Rxc7 28.
Nxc7 fxg3 29.hxg3 Rxa3 30.bxc5 dxc5 31.Bh3 Qe5 32.Be6+ Kg7 33.Rd7+ Kh6 34.
Kg2 Ra1 35.Rxa1 Qxa1 36.Bg8 g5 37.Rxh7+ Kg6 38.Rd7 Qe5 39.Bh7+ Kf6 40.Rd6+
Kg7 41.Rd7+ Kf6 42.Bd3 Qb2 43.Rd6+ Kf7 44.Rg6 Qc1 45.Ne6 b5 46.Nxc5 bxc4 
47.Be4 Qe1 48.e3 Qb4 49.Rxg5 c3 50.Kf3 Ke7 51.Nd3 Qb1 52.Kg2 c2 53.Rc5 Qb3
54.Rxc6 Qa4 55.Kf3 1-0

[Event "XXI Festival"]
[Site "Arco ITA"]
[Date "1999.10.25"]
[Round "3"]
[White "Heinlein, Reinhold"]
[Black "Bonomi, Maurizio"]
[Result "1/2-1/2"]
[WhiteElo "2145"]
[BlackElo "2238"]
[PlyCount "71"]
[EventDate "1999.10.23"]

1.d4 Nf6 2.c4 g6 3.Nc3 Bg7 4.e4 d6 5.f4 O-O 6.Nf3 c5 7.d5 e6 8.Be2 exd5 9.
cxd5 Bg4 10.O-O Bxf3 11.Bxf3 Nbd7 12.Re1 Ne8 13.Be3 Rb8 14.a4 Nc7 15.Qd3 
Na6 16.Rad1 Nb4 17.Qe2 a6 18.e5 dxe5 19.fxe5 Bxe5 20.Ne4 Re8 21.Bg5 f6 22.
Be3 b5 23.Qd2 bxa4 24.Nxc5 Nxc5 25.Bxc5 Qc7 26.Bxb4 Qb6+ 27.Kf1 Qxb4 28.
Qxb4 Rxb4 29.d6 Rd8 30.d7 Rxb2 31.Re3 Kf8 32.Ra3 Rb6 33.Be2 Ke7 34.Rxa4 
Rxd7 35.Rxd7+ Kxd7 36.g3 1/2-1/2

[Event "XXI Festival"]
[Site "Arco ITA"]
[Date "1999.10.25"]
[Round "3"]
[White "Klimm, Wolf-Dietrich"]
[Black "Diotallevi, Maurizio"]
[Result "1/2-1/2"]
[WhiteElo "2212"]
[BlackElo "1909"]
[PlyCount "58"]
[EventDate "1999.10.23"]

1.Nf3 Nf6 2.c4 e6 3.g3 b6 4.Bg2 Bb7 5.O-O Be7 6.d4 d5 7.Nc3 O-O 8.Ne5 Nbd7
9.Bf4 c5 10.Rc1 Rc8 11.dxc5 Nxe5 12.Bxe5 Rxc5 13.cxd5 Nxd5 14.Nxd5 Bxd5 
15.Rxc5 Bxc5 16.Bxd5 Qxd5 17.Qxd5 exd5 18.e3 f6 19.Bc3 Kf7 20.Rd1 Ke6 21.
Kf1 Rc8 22.Ke2 h5 23.h3 g6 24.g4 hxg4 25.hxg4 Bd6 26.f4 Rh8 27.f5+ gxf5 
28.gxf5+ Kxf5 29.Rxd5+ Ke6 1/2-1/2

[Event "XXI Festival"]
[Site "Arco ITA"]
[Date "1999.10.25"]
[Round "3"]
[White "Mordiglia, Riccardo"]
[Black "Cavatorta, Fosco"]
[Result "1/2-1/2"]
[WhiteElo "2118"]
[BlackElo "2066"]
[PlyCount "153"]
[EventDate "1999.10.23"]

1.d4 Nc6 2.Nf3 d5 3.Bf4 Bg4 4.Nbd2 e6 5.e3 Bd6 6.Be2 Bxf4 7.exf4 Qd6 8.g3 
Nf6 9.c3 O-O 10.Ne5 Bxe2 11.Qxe2 a6 12.O-O Ne7 13.g4 Ng6 14.Qf3 Rad8 15.
Rfe1 Nd7 16.Re3 c5 17.Nxd7 Rxd7 18.dxc5 Qxf4 19.Qxf4 Nxf4 20.Nf3 Rc8 21.b4
f6 22.Nd4 e5 23.Ne2 Nxe2+ 24.Rxe2 d4 25.Rd1 Rcd8 26.cxd4 Rxd4 27.Rxd4 Rxd4
28.h3 Rxb4 29.Rc2 Ra4 30.Rb2 Ra5 31.Rxb7 Rxc5 32.Rb3 Ra5 33.a3 Kf7 34.Kg2 
Kg6 35.Kg3 Ra4 36.Rc3 h5 37.Rb3 hxg4 38.hxg4 Kg5 39.f3 g6 40.Re3 Ra5 41.
Rc3 f5 42.gxf5 gxf5 43.Rd3 e4 44.fxe4 fxe4 45.Re3 Kf5 46.Rc3 Ke5 47.Rb3 
Rb5 48.Rc3 Kd4 49.Rc8 Rb3+ 50.Kf2 Rxa3 51.Rd8+ Kc4 52.Re8 Kd3 53.Rd8+ Kc2 
54.Re8 Rd3 55.Rxe4 a5 56.Ke2 Rd5 57.Rc4+ Kb3 58.Rc8 a4 59.Rb8+ Ka2 60.Rb4 
a3 61.Rb8 Ka1 62.Rb7 Ka2 63.Rb8 Rh5 64.Kd2 Rh2+ 65.Kc1 Rb2 66.Ra8 Rb5 67.
Kc2 Rc5+ 68.Kd2 Rc4 69.Ra7 Kb2 70.Rb7+ Ka1 71.Rb8 a2 72.Rb7 Rh4 73.Kc1 
Rh1+ 74.Kc2 Rb1 75.Ra7 Rb2+ 76.Kc1 Rb6 77.Rc7 1/2-1/2

[Event "XXI Festival"]
[Site "Arco ITA"]
[Date "1999.10.25"]
[Round "3"]
[White "Ortega, Lexy"]
[Black "Luciani, Carlo"]
[Result "1-0"]
[WhiteElo "2499"]
[BlackElo "2228"]
[PlyCount "61"]
[EventDate "1999.10.23"]

1.d4 Nf6 2.Nf3 g6 3.c4 Bg7 4.g3 d6 5.Bg2 O-O 6.O-O Nbd7 7.Nc3 e5 8.e4 c6 
9.b3 Re8 10.h3 a6 11.d5 cxd5 12.cxd5 Nc5 13.Qc2 a5 14.Be3 b6 15.Rfd1 Rf8 
16.a3 a4 17.bxa4 Bd7 18.Bxc5 bxc5 19.Nd2 Ne8 20.Nc4 f5 21.Rab1 fxe4 22.Rb7
Rf7 23.Rdb1 Bh6 24.Bxe4 Bxh3 25.Rxf7 Kxf7 26.Rb7+ Bd7 27.Nb6 Nf6 28.Nxd7 
Nxd7 29.Bf5 gxf5 30.Qxf5+ Kg8 31.Rxd7 1-0

[Event "XXI Festival"]
[Site "Arco ITA"]
[Date "1999.10.25"]
[Round "3"]
[White "Prang, Edgar"]
[Black "Lovati, Paolo"]
[Result "1-0"]
[WhiteElo "2249"]
[BlackElo "2080"]
[PlyCount "53"]
[EventDate "1999.10.23"]

1.Nf3 d6 2.d4 f5 3.g3 Nf6 4.Bg2 e6 5.O-O Be7 6.c4 O-O 7.b3 Qe8 8.Nc3 Ne4 
9.Bb2 Bf6 10.Qc2 Nxc3 11.Bxc3 Bd7 12.Rad1 Nc6 13.d5 Nd8 14.Nd4 Bxd4 15.
Bxd4 e5 16.Bb2 f4 17.c5 Rf6 18.gxf4 Rxf4 19.e3 Rh4 20.f4 Nf7 21.Rc1 Nh6 
22.c6 bxc6 23.dxc6 Bf5 24.Qf2 Rxh2 25.Bd5+ Kh8 26.Qxh2 Ng4 27.Qg3 1-0

[Event "XXI Festival"]
[Site "Arco ITA"]
[Date "1999.10.25"]
[Round "3"]
[White "Ptaschinski, Dirk"]
[Black "Mauro, Alan"]
[Result "1/2-1/2"]
[WhiteElo "2182"]
[BlackElo "2278"]
[PlyCount "51"]
[EventDate "1999.10.23"]

1.d4 Nf6 2.c4 a6 3.Nc3 c5 4.d5 d6 5.e4 g6 6.Be2 Bg7 7.Nf3 O-O 8.O-O e6 9.
a4 exd5 10.cxd5 Re8 11.Nd2 b6 12.Qc2 Bb7 13.f3 Nh5 14.g3 Bd4+ 15.Kg2 Nd7 
16.Nc4 Ne5 17.Nxe5 dxe5 18.f4 Ng7 19.fxe5 Bxe5 20.Bh6 f5 21.Bxg7 Kxg7 22.
exf5 gxf5 23.Rxf5 Bxc3 24.bxc3 Bxd5+ 25.Bf3 Bxf3+ 26.Rxf3 1/2-1/2

[Event "XXI Festival"]
[Site "Arco ITA"]
[Date "1999.10.25"]
[Round "3"]
[White "Rahls, Peter"]
[Black "Falbo, Sandro"]
[Result "1-0"]
[WhiteElo "2278"]
[BlackElo "2082"]
[PlyCount "59"]
[EventDate "1999.10.23"]

1.e4 c5 2.c3 Nf6 3.e5 Nd5 4.d4 cxd4 5.cxd4 e6 6.Nc3 Nxc3 7.bxc3 Qc7 8.Bd2 
b6 9.f4 Bb7 10.Nf3 Be4 11.Bb5 Be7 12.O-O O-O 13.Qe2 Bg6 14.g4 h6 15.Ne1 f5
16.exf6 Bxf6 17.g5 hxg5 18.fxg5 Be7 19.Rxf8+ Bxf8 20.Bd3 Bxd3 21.Nxd3 Qc4 
22.g6 Qd5 23.Ne5 Bd6 24.Rf1 Bxe5 25.dxe5 Qc5+ 26.Rf2 Nc6 27.Qh5 Qxf2+ 28.
Kxf2 Rf8+ 29.Kg2 Rf5 30.Bg5 1-0

[Event "XXI Festival"]
[Site "Arco ITA"]
[Date "1999.10.25"]
[Round "3"]
[White "Ricci, Alfredo"]
[Black "Kloster, Josef"]
[Result "0-1"]
[WhiteElo "2042"]
[BlackElo "2145"]
[PlyCount "68"]
[EventDate "1999.10.23"]

1.e4 e5 2.Nf3 d5 3.exd5 Bd6 4.d4 e4 5.Ng5 Bf5 6.Bb5+ Nd7 7.c4 Bb4+ 8.Bd2 
Qxg5 9.Bxb4 Qxg2 10.Rf1 O-O-O 11.Nd2 Bg4 12.Qa4 e3 13.Bxd7+ Bxd7 14.Qxa7 
exd2+ 15.Kxd2 Bh3 16.Qa8+ Kd7 17.Qxb7 Qg5+ 18.f4 Qf6 19.Qb5+ Kc8 20.Rfe1 
Qxd4+ 21.Kc2 Bf5+ 22.Kb3 Bd7 23.Qa6+ Kb8 24.Bc3 Qd3 25.Rad1 Qf3 26.c5 Ne7 
27.Rd3 Qf2 28.Rd4 Nxd5 29.c6 Bc8 30.Qa5 Nb6 31.Rb4 Rd6 32.Re2 Qxe2 33.
Rxb6+ cxb6 34.Qxb6+ Ka8 0-1

[Event "XXI Festival"]
[Site "Arco ITA"]
[Date "1999.10.25"]
[Round "3"]
[White "Romanishin, Oleg M."]
[Black "Fercec, Nenad"]
[Result "1-0"]
[WhiteElo "2567"]
[BlackElo "2476"]
[PlyCount "61"]
[EventDate "1999.10.23"]

1.d4 Nf6 2.Nf3 e6 3.g3 b5 4.Bg2 Bb7 5.Bg5 c5 6.Bxf6 gxf6 7.c3 Qb6 8.O-O h5
9.e3 Be7 10.Nbd2 f5 11.dxc5 Bxc5 12.a4 a6 13.Nb3 Nc6 14.Nxc5 Qxc5 15.h4 
Rb8 16.axb5 axb5 17.Qd2 f6 18.Rfd1 Rh7 19.b4 Qe7 20.Qe2 Bc8 21.e4 f4 22.
gxf4 Rg7 23.Nh2 Bb7 24.Rd3 f5 25.Rg3 Qf7 26.exf5 Rxg3 27.fxg3 Qxf5 28.Nf3 
Qg4 29.Kh2 Ke7 30.Qxb5 Rg8 31.Ng5 1-0

[Event "XXI Festival"]
[Site "Arco ITA"]
[Date "1999.10.25"]
[Round "3"]
[White "Rotstein, Arkadij"]
[Black "Naumkin, Igor"]
[Result "1/2-1/2"]
[WhiteElo "2460"]
[BlackElo "2489"]
[PlyCount "35"]
[EventDate "1999.10.23"]

1.Nf3 Nf6 2.c4 e6 3.g3 b6 4.Bg2 Bb7 5.O-O Be7 6.Nc3 O-O 7.Re1 d5 8.cxd5 
exd5 9.d4 Na6 10.Bf4 c5 11.dxc5 Nxc5 12.Nd4 Qd7 13.Rc1 Rac8 14.a3 a5 15.
Ncb5 a4 16.Nc3 Rfd8 17.Rc2 Nfe4 18.Nxe4 1/2-1/2

[Event "XXI Festival"]
[Site "Arco ITA"]
[Date "1999.10.25"]
[Round "3"]
[White "Schiappacasse, Marcello"]
[Black "Svensson, Leif"]
[Result "1/2-1/2"]
[WhiteElo "2011"]
[BlackElo "2221"]
[PlyCount "62"]
[EventDate "1999.10.23"]

1.Nf3 d5 2.c4 e6 3.d4 c6 4.Qc2 f5 5.g3 Nf6 6.Bg2 Be7 7.O-O O-O 8.b3 Ne4 9.
Ba3 Nd6 10.Nbd2 Nd7 11.Ne5 Qe8 12.cxd5 exd5 13.Nxc6 bxc6 14.Bxd6 Bb7 15.
Bxe7 Qxe7 16.e3 Rac8 17.Qb2 h5 18.h4 Qf6 19.Qa3 a6 20.Rac1 Rfe8 21.Nf3 Qf8
22.Qxf8+ Kxf8 23.Rc2 Ke7 24.Rfc1 Kd6 25.b4 Rb8 26.Bh3 g6 27.Bf1 Rec8 28.a3
Ra8 29.Rb2 Rcb8 30.Rcb1 Bc8 31.Bd3 a5 1/2-1/2

[Event "XXI Festival"]
[Site "Arco ITA"]
[Date "1999.10.25"]
[Round "3"]
[White "Skembris, Spyridon"]
[Black "Rossi, Carlo"]
[Result "1-0"]
[WhiteElo "2477"]
[BlackElo "2361"]
[PlyCount "119"]
[EventDate "1999.10.23"]

1.d4 Nf6 2.c4 Nc6 3.Nf3 e6 4.Nc3 d6 5.e4 g6 6.h3 Bg7 7.Be3 O-O 8.Bd3 Re8 
9.O-O e5 10.d5 Nb4 11.Be2 Nh5 12.Qd2 Nf4 13.Rfe1 Nxe2+ 14.Rxe2 f5 15.Bg5 
Qd7 16.exf5 gxf5 17.Rae1 Na6 18.Nd4 Qf7 19.f4 Bd7 20.Ndb5 e4 21.Bh4 Bxb5 
22.Nxb5 Nc5 23.Rf1 Nd3 24.Bf2 Nxb2 25.Qc2 Nd3 26.Be3 a6 27.Nd4 c6 28.Ne6 
Bf6 29.g4 fxg4 30.hxg4 Rxe6 31.dxe6 Qxe6 32.g5 Bb2 33.Qb3 Qg4+ 34.Rg2 Qh3 
35.Bb6 Bg7 36.Rh2 Qf5 37.Be3 Qg4+ 38.Kh1 Rb8 39.Qb6 Rf8 40.Qxb7 Qc8 41.Qe7
d5 42.Rb1 Rf7 43.Qd6 Bf8 44.Rb8 Qg4 45.g6 Qf3+ 46.Rg2 Qh3+ 47.Kg1 Qxe3+ 
48.Kh2 Qxf4+ 49.Qxf4 Nxf4 50.gxf7+ Kxf7 51.Rxf8+ Kxf8 52.Rf2 Ke7 53.Rxf4 
Ke6 54.Kg3 Ke5 55.cxd5 cxd5 56.Rh4 Kd4 57.Kf2 Kd3 58.Ke1 d4 59.Rxh7 e3 60.
Ra7 1-0

[Event "XXI Festival"]
[Site "Arco ITA"]
[Date "1999.10.25"]
[Round "3"]
[White "Sturma, Mauro"]
[Black "Astengo, Marcello"]
[Result "1/2-1/2"]
[WhiteElo "2095"]
[BlackElo "2017"]
[PlyCount "56"]
[EventDate "1999.10.23"]

1.e4 e6 2.d4 d5 3.Nc3 Bb4 4.Bd2 Nf6 5.e5 Nfd7 6.Qg4 Kf8 7.a3 Be7 8.Nf3 c5 
9.dxc5 Nc6 10.Qg3 Nxc5 11.Bb5 d4 12.Ne2 d3 13.Bxd3 Nxd3+ 14.cxd3 Qxd3 15.
Bc3 b6 16.Rd1 Qb5 17.Rd2 Ba6 18.O-O Rd8 19.Rxd8+ Bxd8 20.Re1 h5 21.Qf4 h4 
22.Ng5 Bxg5 23.Qxg5 h3 24.Rd1 f6 25.Qd2 Qxe2 26.Qd6+ Kf7 27.Re1 Qg4 28.
Qxc6 Re8 1/2-1/2

[Event "XXI Festival"]
[Site "Arco ITA"]
[Date "1999.10.25"]
[Round "3"]
[White "Sulava, Nenad"]
[Black "Gorelli Fagiolini, Marco"]
[Result "1-0"]
[WhiteElo "2467"]
[BlackElo "2206"]
[PlyCount "49"]
[EventDate "1999.10.23"]

1.g3 Nf6 2.Nf3 e6 3.Bg2 d5 4.d4 Be7 5.c4 O-O 6.Qc2 c6 7.O-O b6 8.Rd1 Bb7 
9.Nc3 Nbd7 10.b3 Rc8 11.e4 h6 12.Bf4 Bb4 13.e5 Ne8 14.Ne2 Be7 15.h4 Nc7 
16.Nh2 c5 17.Ng4 cxd4 18.Nxd4 b5 19.Qe2 bxc4 20.bxc4 Qe8 21.Bxh6 gxh6 22.
Nxh6+ Kh7 23.Qh5 f5 24.Nf7+ Kg7 25.Qh6+ 1-0

[Event "XXI Festival"]
[Site "Arco ITA"]
[Date "1999.10.25"]
[Round "3"]
[White "Tatai, Stefano"]
[Black "Epishin, Vladimir V."]
[Result "1/2-1/2"]
[WhiteElo "2357"]
[BlackElo "2657"]
[PlyCount "83"]
[EventDate "1999.10.23"]

1.d4 Nf6 2.c4 e6 3.Nf3 b6 4.g3 Ba6 5.b3 Bb4+ 6.Bd2 Be7 7.Bg2 c6 8.Bc3 Ne4 
9.Bb2 d5 10.O-O Nd7 11.Nbd2 f5 12.Rc1 Bb7 13.Ne1 O-O 14.Nd3 Bd6 15.Nf3 Rc8
16.Nfe5 Nxe5 17.dxe5 Bb8 18.f3 Ng5 19.c5 Nf7 20.f4 h6 21.Bd4 Kh7 22.h4 g6 
23.Qd2 Rg8 24.Kf2 Bc7 25.a4 Rg7 26.Rh1 Kg8 27.Qe3 Ba8 28.b4 Rb8 29.Rb1 b5 
30.a5 Bb7 31.Bf3 Bc8 32.Rbg1 h5 33.Ra1 Nh6 34.Kg2 Ng4 35.Qd2 Bd7 36.e3 Be8
37.Be2 Qd7 38.Ne1 Bf7 39.Nf3 Rf8 40.Bd1 Re8 41.Be2 Bd8 42.Bd1 1/2-1/2

[Event "XXI Festival"]
[Site "Arco ITA"]
[Date "1999.10.25"]
[Round "3"]
[White "Trabert, Bettina"]
[Black "Timoscenko, Gennadij A."]
[Result "0-1"]
[WhiteElo "2301"]
[BlackElo "2536"]
[PlyCount "146"]
[EventDate "1999.10.23"]

1.e4 c5 2.c3 Nf6 3.e5 Nd5 4.d4 cxd4 5.Nf3 e6 6.cxd4 d6 7.a3 Bd7 8.Bd3 Bc6 
9.O-O Nd7 10.Re1 Be7 11.b4 a6 12.Qe2 Rc8 13.Bd2 O-O 14.Ra2 g6 15.Rc2 Ba4 
16.Rxc8 Qxc8 17.Bh6 Re8 18.Ng5 dxe5 19.dxe5 Qc7 20.Nf3 Nc3 21.Qd2 Nxb1 22.
Bxb1 Bc6 23.Qc3 Rc8 24.Rc1 Qd8 25.h3 Nb6 26.Qd4 Qxd4 27.Nxd4 Bd5 28.Rxc8+ 
Nxc8 29.Be3 h5 30.Bc2 Kf8 31.Kf1 Ke8 32.f3 Bd8 33.Bb3 Ne7 34.Ke2 Bc7 35.
Bxd5 Nxd5 36.f4 Bb6 37.Kd3 Kd7 38.g3 Bxd4 39.Bxd4 Kc6 40.Kc4 h4 41.Bf2 
hxg3 42.Bxg3 Ne3+ 43.Kd3 Nf5 44.Be1 Kb5 45.Bd2 Ka4 46.Kc4 b6 47.Bc1 Ne7 
48.Be3 b5+ 49.Kc5 Kxa3 50.Bd2 Kb3 51.Kd6 Nd5 52.f5 gxf5 53.h4 Kc2 54.Be1 
a5 55.bxa5 b4 56.Bxb4 Nxb4 57.h5 f4 58.h6 f3 59.h7 f2 60.h8=Q f1=Q 61.Qc8+
Kb3 62.Qb7 Ka4 63.Ke7 Kxa5 64.Kf8 Nd5 65.Qa7+ Kb4 66.Qd4+ Kb5 67.Kg7 Qf4 
68.Qb2+ Kc6 69.Qa1 Kd7 70.Qa3 Nc7 71.Qc5 Ne8+ 72.Kg8 Qg5+ 73.Kxf7 Qg7# 0-1

[Event "XXI Festival"]
[Site "Arco ITA"]
[Date "1999.10.25"]
[Round "3"]
[White "Valenti, Giuseppe"]
[Black "Rossi, Giampiero"]
[Result "1/2-1/2"]
[WhiteElo "2227"]
[BlackElo "2020"]
[PlyCount "69"]
[EventDate "1999.10.23"]

1.e4 c5 2.Nf3 e6 3.d4 cxd4 4.Nxd4 a6 5.Bd3 Nc6 6.Nxc6 dxc6 7.Nd2 e5 8.Nc4 
Ne7 9.O-O Ng6 10.Qh5 Bc5 11.Kh1 Qe7 12.Bd2 O-O 13.Rae1 Re8 14.g3 Be6 15.
Ne3 Rad8 16.Nf5 Qc7 17.h4 Bf8 18.Qg4 c5 19.Bg5 f6 20.Bc1 Qc8 21.Qf3 Ne7 
22.g4 Kh8 23.Rg1 c4 24.Be2 b5 25.h5 h6 26.Nh4 Kh7 27.Nf5 Qc6 28.Qg2 Ng8 
29.Bf3 Rd7 30.Rd1 Red8 31.Rxd7 Rxd7 32.Ne3 Ne7 33.Nf5 Ng8 34.Ne3 Ne7 35.
Nf5 1/2-1/2

[Event "XXI Festival"]
[Site "Arco ITA"]
[Date "1999.10.25"]
[Round "3"]
[White "Wagman, Stuart"]
[Black "Lettich, Sergio"]
[Result "1-0"]
[WhiteElo "2169"]
[BlackElo "2182"]
[PlyCount "79"]
[EventDate "1999.10.23"]

1.e4 c5 2.Nf3 d6 3.d4 cxd4 4.Nxd4 Nf6 5.Nc3 a6 6.Bc4 e6 7.Bb3 Be7 8.Be3 
Qc7 9.Qe2 Nc6 10.O-O-O b5 11.Nxc6 Qxc6 12.f3 O-O 13.g4 Bb7 14.h4 Nd7 15.
Bg5 Nf6 16.h5 Qc7 17.h6 g6 18.Qe1 Ne8 19.Bxe7 Qxe7 20.Qe3 Rc8 21.g5 Bc6 
22.a3 a5 23.Rhg1 b4 24.axb4 axb4 25.Ne2 Qb7 26.Nf4 Bd7 27.Nd3 Ra8 28.Qd4 
Ba4 29.Bxa4 Rxa4 30.b3 Ra5 31.Qxb4 Rb5 32.Qc3 e5 33.Nb2 Rc5 34.Nc4 Qc7 35.
Qd3 f5 36.Ne3 fxe4 37.Qxe4 Rf4 38.Qa8 Kf8 39.Rg4 Rxg4 40.fxg4 1-0